Rodinný dom od A po Z

Guardado en:
Detalles Bibliográficos
Formato: Libro
Lenguaje:eslovaco
Publicado: Bratislava : Antar, s.r.o.
Edición:1.vyd.
Colección:Dom a byt
Etiquetas: Agregar Etiqueta
Sin Etiquetas, Sea el primero en etiquetar este registro!

MARC

LEADER 00000nam a22000003a 4500
001 stu139862
005 20150408163207.3
008 070411s--------xo------------------slo-d
020 |a 80-967718-0-9 
040 |a STU  |b slo 
041 0 |a slo 
044 |a xo 
080 |a 728.3 
245 |a Rodinný dom od A po Z 
250 |a 1.vyd. 
260 |a Bratislava :  |b Antar, s.r.o. 
300 |a 165 s.;obr.,schémy 
830 0 |a Dom a byt 
996 |b 284V027209  |c V*8216/K-1808a  |l VVT  |s A  |a 24  |w stu139862_0001 
996 |b 284V027999  |c V*8215/K-1808  |l VVT  |s A  |a 24  |w stu139862_0002